|
|
|
|
| LEADER |
00000nam2a2200000 4500 |
| 001 |
327575 |
| 005 |
20231102003955.0 |
| 035 |
|
|
|a (RuTPU)RU\TPU\book\353260
|
| 035 |
|
|
|a RU\TPU\book\353245
|
| 035 |
|
|
|a RU\TPU\book\353327
|
| 090 |
|
|
|a 327575
|
| 100 |
|
|
|a 20170202d1851 k y0gery50 ba
|
| 101 |
0 |
|
|a ger
|
| 102 |
|
|
|a DE
|
| 105 |
|
|
|a f z 000zy
|
| 200 |
0 |
|
|a Bd. 9
|
| 210 |
|
|
|d 1851
|
| 215 |
|
|
|a 722 s.
|
| 316 |
|
|
|5 63413507: КР-2065
|a На титульном листе печать Геологического кабинета ТТИ
|
| 317 |
|
|
|5 63413507: КР-2065
|a Поступил в НТБ в 2004 г. в составе книжного собрания кафедры общей геологии
|
| 461 |
|
1 |
|0 (RuTPU)RU\TPU\book\354138
|t Archiv fur wissenschaftliche Kunde von Russland
|f hrsd. von G. A. Erman
|v Bd. 9
|d 1841-1863
|
| 606 |
1 |
|
|a Научные исследования
|2 stltpush
|3 (RuTPU)RU\TPU\subj\76141
|9 87512
|
| 610 |
1 |
|
|a немецкий язык
|
| 610 |
1 |
|
|a Россия
|
| 610 |
1 |
|
|a Российская империя
|
| 610 |
1 |
|
|a геология
|
| 610 |
1 |
|
|a горы
|
| 610 |
1 |
|
|a соленые озера
|
| 610 |
1 |
|
|a черноземы
|
| 610 |
1 |
|
|a климатология
|
| 610 |
1 |
|
|a Алтай
|
| 610 |
1 |
|
|a Азия
|
| 610 |
1 |
|
|a Америка
|
| 610 |
1 |
|
|a орнитология
|
| 610 |
1 |
|
|a палеография
|
| 610 |
1 |
|
|a энтомология
|
| 610 |
1 |
|
|a Урал
|
| 610 |
1 |
|
|a Вологда
|
| 610 |
1 |
|
|a промышленность
|
| 610 |
1 |
|
|a сталеплавильное производство
|
| 610 |
1 |
|
|a полезные ископаемые
|
| 610 |
1 |
|
|a золоторудная промышленность
|
| 610 |
1 |
|
|a Русское географическое общество
|
| 610 |
1 |
|
|a церковь
|
| 610 |
1 |
|
|a рукописные документы
|
| 610 |
1 |
|
|a Нигерия
|
| 610 |
1 |
|
|a чуваши
|
| 610 |
1 |
|
|a китайский язык
|
| 610 |
1 |
|
|a лесоводство
|
| 610 |
1 |
|
|a Архангельск
|
| 610 |
1 |
|
|a Златоуст
|
| 610 |
1 |
|
|a библиотеки
|
| 610 |
1 |
|
|a Коллекция кафедры общей геологии
|
| 610 |
1 |
|
|a дары библиотеке
|
| 610 |
1 |
|
|a владельческие знаки
|
| 686 |
|
|
|a Ч215
|v LBC/SL-A
|2 rubbk
|
| 801 |
|
1 |
|a RU
|b 63413507
|c 20170201
|
| 801 |
|
2 |
|a RU
|b 63413507
|c 20211215
|g RCR
|
| 942 |
|
|
|c BK
|